Machine Learning in Production (Record no. 21017)
[ view plain ]
| 000 -LEADER | |
|---|---|
| fixed length control field | 00337nam a22001337a 4500 |
| 008 - FIXED-LENGTH DATA ELEMENTS--GENERAL INFORMATION | |
| fixed length control field | 241109b |||||||| |||| 00| 0 eng d |
| 020 ## - INTERNATIONAL STANDARD BOOK NUMBER | |
| ISBN | 978-93-895-8850-7 |
| 100 ## - MAIN ENTRY--AUTHOR NAME | |
| Personal name | A. Kelleher & A. Kelleher |
| 245 ## - TITLE STATEMENT | |
| Title | Machine Learning in Production |
| 260 ## - PUBLICATION, DISTRIBUTION, ETC. (IMPRINT) | |
| Place of publication | Noida |
| Name of publisher | Pearson Pub |
| Year of publication | 2020 |
| 300 ## - PHYSICAL DESCRIPTION | |
| Number of Pages | 228 |
| 650 ## - SUBJECT ADDED ENTRY--TOPICAL TERM | |
| Topical Term | CSE |
| 942 ## - ADDED ENTRY ELEMENTS (KOHA) | |
| Source of classification or shelving scheme | Dewey Decimal Classification |
| Koha item type | Books |
| Accession Number | Cost, normal purchase price | Bill Date | Source of acquisition | Price effective from | Koha item type | Withdrawn / writtenoff status | Damaged status | Not for loan | Permanent Location | Current Location | Shelving location | Date acquired | Lost/ Missing status | department |
|---|---|---|---|---|---|---|---|---|---|---|---|---|---|---|
| BE 24895 | 595.00 | 26-10-2024 | ABD Publisher | 11/09/2024 | Books | Not For Loan | MIET Library, Jammu | MIET Library, Jammu | 169/6 | 11/26/2024 | BE | |||
| BE 24896 | 595.00 | 26-10-2024 | ABD Publisher | 11/09/2024 | Books | MIET Library, Jammu | MIET Library, Jammu | 197/1 | 11/26/2024 | BE | ||||
| BE 24897 | 595.00 | 26-10-2024 | ABD Publisher | 11/09/2024 | Books | MIET Library, Jammu | MIET Library, Jammu | 197/1 | 11/26/2024 | BE | ||||
| BE 24898 | 595.00 | 26-10-2024 | ABD Publisher | 11/09/2024 | Books | MIET Library, Jammu | MIET Library, Jammu | 197/1 | 11/26/2024 | BE | ||||
| BE 24899 | 595.00 | 26-10-2024 | ABD Publisher | 11/09/2024 | Books | MIET Library, Jammu | MIET Library, Jammu | 197/1 | 11/26/2024 | BE |